000 00461nmm a2200169Ia 4500
008 251105s9999||||xx |||||||||||||||||und||
020 _a9788417128746
041 _aspa
100 _aGonzález-Sinde, Ángeles
245 0 _aDespués de Kim :
_b 0
264 _a[Madrid, España] :
_bDuomo ediciones,
_c2019
300 _a352 páginas
490 _aNefelibata
650 _aRomance
856 _uhttps://public.digitaliapublishing.com/a/68065
942 _cCF
999 _c78468
_d78468